15 principaux pays touchés par Covid-19 - 26 juillet - Statistiques

Statistiques générales
  • Ce quiz a été pris 44 fois
  • Le résultat moyen est 9 sur 25
Statistiques - réponses
pays % Correct
Etats-Unis
84%
Inde
81%
Brésil
74%
Russie
74%
Italie
67%
Espagne
63%
Mexique
60%
Royaume-Uni
60%
Pakistan
37%
Afrique du Sud
30%
Pérou
30%
Chili
28%
Chili
28%
Iran
28%
Colombie
23%
Suède
23%
Arabie Saoudite
12%
Qatar
12%
Bahreïn
9%
Biélorussie
9%
Panama
9%
Singapour
7%
Koweït
5%
Oman
5%
Arménie
2%
Aucun quiz correspondant
Distribution des résultats
% des personnes avec chaque résultat
Percentile par nombre de réponses
Votre historique - résultats
Vous n’avez pas pris ce quiz